000 00275nam a2200121Ia 4500
008 220120s9999||||xx |||||||||||||| ||und||
082 _a076 PUS
100 _aPusthak mahal
245 0 _aChilderen's knowledge
260 _bBangalooru
300 _b0
650 _aMATHEMATICS
999 _c136476
_d136476